000 01024cam a2200277 a 4500
999 _c541
_d541
001 4450107
003 GZU
005 20200904121311.0
008 950202s1996 cauab b 001 0 eng
010 _a 95003683
020 _a1559345217
040 _aDLC
_cDLC
_dDLC
050 0 0 _aCC75
_b.ASH 1996
100 1 _aAshmore, Wendy,
_d1948-
_eauthor
245 1 0 _aDiscovering our past :
_ba brief introduction to archaeology /
_cWendy Ashmore, Robert J. Sharer.
250 _a2nd ed.
260 _aMountain View, Calif. :
_bMayfield Pub. Co.,
_cc1996.
300 _axiii, 266 p. :
_bill., maps ;
_c24 cm.
500 _aIncludes bibliographical references (p. 245-255) and index.
504 _aIncludes bibliographical references (p. 245-255) and index.
650 0 _aArchaeology.
700 1 _aSharer, Robert J.
_eauthor
906 _a7
_bcbc
_corignew
_d1
_eocip
_f19
_gy-gencatlg
942 _2lcc
_cBK
_e2nd ed.
_h75
_iASH
_kCC